|
|
|
|
| LEADER |
00000nam a22000007a 4500 |
| 005 |
20201022125158.0 |
| 007 |
cr|||| |||| |
| 008 |
201022s2015 br |||||s|||| 00||0 por d |
| 020 |
|
|
|a 978-85-8248-060-1
|
| 035 |
|
|
|a 32205
|
| 040 |
|
|
|a vLex
|
| 090 |
|
|
|c 10781
|d 10781
|
| 100 |
1 |
|
|a Correa Carvalho, Wesley
|
| 245 |
1 |
0 |
|a Manual de sobrevivn̊cia das rd̀ios comunitr̀ias
|h [Recurso electrn̤ico] /
|c Wesley Correa Carvalho
|
| 256 |
|
|
|a Servicio en ln̕ea
|
| 260 |
|
|
|a San Pablo:
|b Letras Jurídicas Editora,
|c 2015
|
| 300 |
|
|
|a 1 recurso electrn̤ico
|
| 500 |
|
|
|a Este livro vende soluė̳s s̉ rd̀ios comunitr̀ias, pois alm̌ de debater as grandes queste̳s do setor, ensina como captar recursos pb︢licos, conseguir isenȯ̂ de impostos, diminuir as despesas com o pagamento de direitos autorais e usufruir de benefc̕ios variados; mostra como evitar problemas com a justiȧ e, ainda, como obter bens e serviȯs gratuitamente.
|
| 506 |
1 |
|
|a Disponible solo en los productos indicados
|d vLex Global
|d vLex Global (Academic Edition, excluding Law Schools)
|d vLex Global (U.S. Academic Edition, Law Schools)
|d vLex Global (U.S. Academic Edition, excluding Law Schools)
|d vLex Global (Academic Edition, Law Schools)
|
| 650 |
0 |
4 |
|a Derecho Pb︢lico y Administrativo
|z Brasil
|
| 740 |
0 |
|
|a vLex Libros (Servicio en ln̕ea)
|
| 856 |
4 |
0 |
|u http://vlex.com/source/manual-de-sobreviv-ncia-das-radios-comunitarias-32205
|z Acceso restringido
|
| 942 |
|
|
|c BOOK
|
| 999 |
0 |
|
|a Public and Administrative Law
|